zpět

Detail výsledku týmu

KEGzistence, Plzeň

Datum a čas kvízu

28 Celkem bodů Celkový počet nahraných bodů na tomto kvízu bez doplňovacích otázek.
4. Pořadí na kvízu Konečné umístění týmu na tomto kvízu.

Zaznamenané odpovědi

# Otázka Odpověď Body Výsledky
1. Čtyři základní školy zřizované... 11., 21., 26. a 34. základní škola<sub></sub><sup></sup> 0
2. Po několik posledních týdnů by... Severní Korea 1
3. V úterý začal pro Čínu nový ro... znamení Tygra 1
4. Minulý týden jsme se dozvěděli... Prima TV 1
5. První velké překvapení jarní č... Slavia Praha - MFK Karviná 0:1 0
6. Patrně nejznámější čarodějnicí... Kirké 1
7. Tento britsko-kanadský seriál... Čarodějnice školou povinné 1
8. Nechvalnou součástí historie j... Salem 1
9. Ve filmové adaptaci knihy Čaro... (Somewhere) Over the Rainbow 0
10. Tato legendární postava Lužick... Krabat 0